The First Country to Do it #2 - Statistics

General Stats
  • This quiz has been taken 11 times
  • The average score is 10 of 20
Answer Stats
Hint Year Country % Correct
Put up a Christmas tree 1500s Germany
91%
Reach the South Pole 1911 Norway
91%
Adopt a long standing policy of neutrality 1815 Switzerland
91%
Ban social media for kids * 2025 Australia
82%
Gain independence from the Portugal 1822 Brazil
82%
Break away from Soviet-bloc communism 1989 Poland
82%
Use Bitcoin as a currency* 2021 El Salvador
73%
Allow women to vote 1893 New Zealand
73%
Conduct a successful heart transplant 1967 South Africa
73%
Have a monarchy c. 3100 BC Ancient Egypt
64%
Fall in World War I 1914 Belgium
64%
Have a flag 1219 Denmark
27%
Recognize the United States 1787 Morocco
27%
Explore Antarctica 1820 Russian Empire
27%
Elect a female prime minister 1960 Sri Lanka
27%
Create modern highways 1924 Italy
9%
Ban plastic bags 2002 Bangladesh
0%
To eradicate polio 1960 Czechoslovakia
0%
Ban the trade of fur 2021 Israel
0%
Abolish the death penalty 1863 Venezuela
0%
No matching quizzes found
Score Distribution
Percent of People with Each Score
Percentile by Number Answered
Your Score History
You have not taken this quiz